000 00713nam a2200277Ia 4500
001 92001
003 IT-RoPAU
008 130308s9999 xx 000 0 und d
040 _aIT-RoPAU
040 _cIT-RoPAU
041 _aITALIANO
100 _aCresci Mario
100 _gCodice Aut. SPICS: 14896
245 _aSteiner e la fotografia
245 _bFoto-Grafia Ricerca e Progetto
250 _a1a ed.
260 _aROMA/BARI
260 _bLaterza
260 _c1990 [1° Ed.:1990 - Ed.Ling.Originale:1990]
300 _a"9 p. (prefazione: no ; testo: 9 [pagine: 7-15])"
650 _aSAGGI DI FOTOGRAFIA
650 _eCodice materia Spics: 6761
942 _cBK
957 _71
999 _c82848
_d82848
999 _g1